Biện pháp quản lý phát triển đội ngũ hiệu trưởng các trường trung học phổ thông Tỉnh Champasak - Cộng hoà dân chủ nhân dân Lào

Đề tài đề xuất công tác quản lý phát triển đội ngũ hiệu trưởng trường Trung học phổ thông Tỉnh Champasak.

Đã lưu trong:
書目詳細資料
主要作者: Silapakit buaphắn
其他作者: Nguyễn Văn Hoan TS (Hướng dân)
格式: 圖書
語言:Vietnamese
出版: Đà Nẵng Đại học Đà Nẵng 2006
主題:
標簽: 添加標簽
沒有標簽, 成為第一個標記此記錄!
Thư viện lưu trữ: Mạng thư viện Đại học Đà Nẵng
LEADER 01574nam a2200361 4500
001 000010749
003 6964
005 20111220091220.0
008 111220s2006 viesd
041 |a vie 
072 |a Luận văn Thạc sĩ Khoa học 
082 |a 371.2  |b SI-B 
100 |a Silapakit buaphắn 
245 |a Biện pháp quản lý phát triển đội ngũ hiệu trưởng các trường trung học phổ thông Tỉnh Champasak - Cộng hoà dân chủ nhân dân Lào  |c Silapakit buaphắn 
260 |a Đà Nẵng  |b Đại học Đà Nẵng  |c 2006 
300 |a 98 tr.  |c 29 cm  |e Tóm tắt 
500 |a Luận văn thạc sĩ Khoa học Quản lý giáo dục. Mã số: 60.14.05 
520 |a Đề tài đề xuất công tác quản lý phát triển đội ngũ hiệu trưởng trường Trung học phổ thông Tỉnh Champasak. 
653 |a Quản lý giáo dục 
653 |a Phương pháp dạy học. 
653 |a Luận văn Thạc sĩ Quản lý giáo dục 
653 |a Phương pháp dạy học 
700 |a Nguyễn Văn Hoan  |c TS  |e Hướng dân 
OWN |a LSP 
AVA |a UDN50  |b LSP  |d 371.2 SI-B  |e available  |t Error 5001 Not defined in file expand_doc_bib_avail.  |f 1  |g 0  |h N  |i 0  |k 1 
999 |a From the UDN01 
AVA |a UDN50  |b LSP  |d 371.2 SI-B  |e available  |t Error 5001 Not defined in file expand_doc_bib_avail.  |f 1  |g 0  |h N  |i 0  |k 1 
TYP |a Monograph 
TYP |a Printed language 
980 |a Mạng thư viện Đại học Đà Nẵng